Normal view
MARC view
- Horton, Holbrook L .
Entry Personal Name
001 - CONTROL NUMBER
- control field: 413
003 - CONTROL NUMBER IDENTIFIER
- control field: OSt
005 - DATE AND TIME OF LATEST TRANSACTION
- control field: 20160614151127.0
008 - FIXED-LENGTH DATA ELEMENTS
- fixed length control field: 160614|| aca||aabn | a|a d
040 ## - CATALOGING SOURCE
- Original cataloging agency: OSt
- Transcribing agency: OSt
100 ## - HEADING--PERSONAL NAME
- Personal name: Horton, Holbrook L .
670 ## - SOURCE DATA FOUND
- Source citation: Work cat.: (OSt)7115: Oberg, Erik . 412, Machinery`s handbook / , 2012
